000 00356nam a2200157Ia 4500
008 240830s1911 xx 000 0 und d
041 _asan
082 _a1
100 _aBHRUADARUNY
245 _aBHRUADARUNYAKOPNISHID
250 _a1
260 _aSANGALI
_bN.D.
_c1911
300 _a100p
906 _aBHRUADARUNYAKOPNISHID
999 _c1183922
_d1183922